The norton anthology of world masterpieces : (Record no. 7593)
[ view plain ]
| 000 -LEADER | |
|---|---|
| fixed length control field | 01398nac a22003491u 4500 |
| 003 - CONTROL NUMBER IDENTIFIER | |
| control field | EG-ScBUE |
| 005 - DATE AND TIME OF LATEST TRANSACTION | |
| control field | 20200111102259.0 |
| 008 - FIXED-LENGTH DATA ELEMENTS--GENERAL INFORMATION | |
| fixed length control field | 190730t1999 nyu f 001 0 eng d |
| 020 ## - INTERNATIONAL STANDARD BOOK NUMBER | |
| International Standard Book Number | 0393972895 (pbk. : v. 1) |
| 020 ## - INTERNATIONAL STANDARD BOOK NUMBER | |
| International Standard Book Number | 039397300X (pbk. : v. 2) |
| 020 ## - INTERNATIONAL STANDARD BOOK NUMBER | |
| International Standard Book Number | 9780393973006 (pbk. : v. 2) |
| 040 ## - CATALOGING SOURCE | |
| Original cataloging agency | EG-ScBUE |
| Language of cataloging | eng |
| Description conventions | rda |
| Transcribing agency | EG-ScBUE |
| Modifying agency | EG-ScBUE |
| 082 04 - DEWEY DECIMAL CLASSIFICATION NUMBER | |
| Classification number | 808.8 |
| Item number | NOR |
| Edition number | 22 |
| 245 04 - TITLE STATEMENT | |
| Title | The norton anthology of world masterpieces : |
| Remainder of title | the Western tradition / |
| Statement of responsibility, etc | Sarah Lawall, general editor, professor of English emeritus, Yale University, ; Maynard Mack, general editor emeritus, sterling professor of English emeritus, Yale University. |
| 250 ## - EDITION STATEMENT | |
| Edition statement | Seventh edition. |
| 264 #1 - PUBLICATION, DISTRIBUTION, ETC. (IMPRINT) | |
| Place of publication, distribution, etc | New York, N.Y ; |
| -- | London : |
| Name of publisher, distributor, etc | W. W. Norton and Company, |
| Date of publication, distribution, etc | [1999] |
| 264 #4 - PUBLICATION, DISTRIBUTION, ETC. (IMPRINT) | |
| Date of publication, distribution, etc | c 1999 |
| 300 ## - PHYSICAL DESCRIPTION | |
| Extent | 2 volumes ; |
| Dimensions | 24 cm |
| 336 ## - CONTENT TYPE | |
| Source | rdacontent |
| Content type term | text |
| Content type code | txt |
| 337 ## - MEDIA TYPE | |
| Source | rdamedia |
| Media type term | unmediated |
| Media type code | n |
| 338 ## - CARRIER TYPE | |
| Source | rdacarrier |
| Carrier type term | volume |
| Carrier type code | nc |
| 500 ## - GENERAL NOTE | |
| General note | Includes index. |
| 500 ## - GENERAL NOTE | |
| General note | distriuter: Al-Ahram |
| 505 0# - FORMATTED CONTENTS NOTE | |
| Formatted contents note | Volume 1. Literature of Western culture through the renaissance -- Volume 2. Literature of Western culture since the renaissance. |
| 590 ## - LOCAL NOTE (RLIN) | |
| Local note | shefaa ibrahem |
| 650 #7 - SUBJECT ADDED ENTRY--TOPICAL TERM | |
| Topical term or geographic name as entry element | Literature |
| Form subdivision | Collections. |
| Source of heading or term | BUEsh |
| 653 ## - INDEX TERM--UNCONTROLLED | |
| Resource For college | Humanities: English |
| Arrived date list | July2019 |
| 655 ## - INDEX TERM--GENRE/FORM | |
| Form subdivision | Reading book |
| 700 1# - ADDED ENTRY--PERSONAL NAME | |
| Personal name | Lawall, Sarah N, |
| Relator term | editor. |
| 700 1# - ADDED ENTRY--PERSONAL NAME | |
| Personal name | Mack, Maynard, |
| Dates associated with a name | 1909- |
| Relator term | editor. |
| 942 ## - ADDED ENTRY ELEMENTS (KOHA) | |
| Koha item type | Book - Borrowing |
| Call number prefix | 808.8 NOR |
| Source of classification or shelving scheme | Dewey Decimal Classification |
| Withdrawn status | Lost status | Damaged status | Not for loan | Home library | Current library | Shelving location | Date acquired | Source of acquisition | Total Checkouts | Total Renewals | Full call number | Barcode | Date last seen | Date checked out | Price effective from | Koha item type |
|---|---|---|---|---|---|---|---|---|---|---|---|---|---|---|---|---|
| Central Library | Central Library | Second Floor | 08/01/2017 | Purchase | 1 | 1 | 808.8 NOR | 000008799 | 15/07/2025 | 11/09/2014 | 17/01/2008 | Book - Borrowing | ||||
| Central Library | Central Library | Second Floor | 31/01/2008 | Purchase | 808.8 NOR | 000009054 | 15/07/2025 | 31/01/2008 | Book - Borrowing |